| 000 -LEADER |
| fixed length control field |
00940cam a2200241 a 4500 |
| 005 - DATE AND TIME OF LATEST TRANSACTION |
| control field |
20131031052951.0 |
| 008 - FIXED-LENGTH DATA ELEMENTS--GENERAL INFORMATION |
| fixed length control field |
990519s1999 enk l 000 0 eng |
| 020 ## - INTERNATIONAL STANDARD BOOK NUMBER |
| International Standard Book Number |
0198765541 |
| 041 0# - LANGUAGE CODE |
| Language code of text/sound track or separate title |
eng |
| 080 ## - UNIVERSAL DECIMAL CLASSIFICATION NUMBER |
| Universal Decimal Classification number |
330/342 |
| Common auxiliary subdivision |
(094.4) |
| 245 00 - TITLE STATEMENT |
| Title |
Basic community laws / |
| Statement of responsibility, etc |
edited by Bernard Rudden and Derrek Wyatt. |
| 250 ## - |
| -- |
7th ed. |
| 260 ## - |
| -- |
Oxford ; |
| -- |
New York : |
| -- |
Oxford University Press, |
| -- |
1999. |
| 300 ## - |
| -- |
xxiv, 380 p. ; |
| -- |
25 cm. |
| 500 ## - |
| -- |
Preface to seventh edition : f. [I] |
| 650 #0 - |
| -- |
Ligji |
| -- |
Vendet e Bashkimit Europian |
| 700 1# - |
| -- |
Rudden, Bernard. |
| 700 1# - |
| -- |
Wyatt, Derrick. |
| 856 42 - |
| -- |
Publisher description |
| -- |
http://www.loc.gov/catdir/enhancements/fy0638/99016149-d.html |
| 856 41 - |
| -- |
Table of contents only |
| -- |
http://www.loc.gov/catdir/enhancements/fy0638/99016149-t.html |
| 856 42 - |
| -- |
Contributor biographical information |
| -- |
http://www.loc.gov/catdir/enhancements/fy0725/99016149-b.html |
| 942 ## - ADDED ENTRY ELEMENTS (KOHA) |
| Source of classification or shelving scheme |
|
| Item type |
Books |